[Event "Rio Verde Goiano op"]
[Site "Rio Verde"]
[Date "2023.12.01"]
[Round "2"]
[White "De Lima, Fernando Machado B"]
[Black "Dos Santos Filho, Ricardo Antonio"]
[Result "1-0"]
[WhiteElo "1800"]
[BlackElo "1776"]
[PlyCount "64"]
[EventDate "2023.12.01"]
[EventType "swiss"]
[EventRounds "6"]
[EventCountry "BRA"]
[SourceTitle "CB50_2023"]
[SourceDate "2023.12.13"]
[SourceVersion "1"]
[SourceVersionDate "2023.12.13"]
[SourceQuality "1"]

1. e4 c5 2. Nf3 Nc6 3. Bc4 e6 4. Nc3 Na5 5. Bb3 Nxb3 6. axb3 d5 7. exd5 exd5 8. d4 cxd4 9. Qxd4 Nf6 10. Bg5 Qe7+ 11. Ne5 Be6 12. Bxf6 Qxf6 13. Qa4+ Kd8 14. Qd4 Bd6 15. Nf3 Qxd4 16. Nxd4 Re8 17. 0-0 Bd7 18. Nxd5 Bc5 19. c3 Bxd4 20. cxd4 Re2 21. b4 Rxb2 22. Rab1 Rd2 23. Rfd1 Re2 24. h3 Bc6 25. Nc3 Re6 26. d5 Bxd5 27. Nxd5 Rd6 28. Nb6 Rb8 29. Rxd6+ Kc7 30. Nc4 b5 31. Rd4 bxc4 32. Rxc4+ Kd6 1-0